| 000 | 00679cab a2200241 4500 | ||
|---|---|---|---|
| 001 | WB3234-35 | ||
| 008 | 090401t1996 xxu||||| |||| 00| 0 eng d | ||
| 035 | _a(Sirsi) u56017 | ||
| 041 | _aeng | ||
| 245 | _aBuying surplus government land | ||
| 260 | _c1996 | ||
| 350 | _a0 | ||
| 490 |
_aBirmingham Post _v12 September 1996, 24(1) |
||
| 520 | _aDiscusses the Crichel Down rules, which developers should be aware of when trying to buy development land being sold by the MoD. | ||
| 650 | _aCRICHEL DOWN RULES | ||
| 650 | _aDEFENCE LAND | ||
| 650 | _aMOD | ||
| 650 | _aPRIVATISATION | ||
| 650 | _aSURPLUS LAND | ||
| 690 | _aLAND | ||
| 942 | _n0 | ||
| 948 | _c04/03/1997 | ||
| 999 |
_c34210 _d34210 |
||